Konica Minolta DiMage Z6

Bibliographic Details
Main Author: Šlosar, Peter (Author)
Format: Article
Language:Slovak
PhysicalDescription:Obr., tab.
ISSN:1336-5754
Subjects:

MARC

LEADER 00000nab a2200000 ar4500
001 vtls008427558
003 SK-MaSNL
005 20260303070000.0
008 060131c2005 xo mr|p|||||||000 b|slo
015 |a SNBRB2006/02  |2 snkbucl 
038 |a SNKBUCL 
040 |a SNKBUCL  |b slo  |c SNKBUCL  |e AACR2 
041 0 |a slo 
044 |a xo  |c SK 
080 |a 771.31:004.085  |2 1997 
080 |a 681.772.2:004.085  |2 1997 
100 1 |a Šlosar, Peter  |4 aut  |9 440800 
245 1 0 |a Konica Minolta DiMage Z6  |c Peter Šlosar 
300 |b Obr., tab. 
650 0 7 |a digitálne fotoaparáty  |2 snkbucl  |9 20208 
650 0 7 |a Konica Minolta Dimage Z6 (fotoaparát)  |2 snkbucl  |9 1066781 
773 0 |t DiGi revue  |g Roč. 1, č. 10 (2005), s. 40  |x 1336-5754 
852 |a SNK  |b KIS3GCP 
999 |c 1753515  |d 1755445